000 00317nam a22001457a 4500
008 210322b ||||| |||| 00| 0 eng d
020 _a9760471148540
041 _aeng
080 _25th
_a53
082 _a53
100 _a43
101 _aFIZ
245 _aFundamentals of Physics
_cHalliday, D
942 _2udc
_cBK
999 _c56634
_d56634